| 000 -LEADER |
| fixed length control field |
00742nam a2200217Ia 4500 |
| 001 - CONTROL NUMBER |
| control field |
8080 |
| 003 - CONTROL NUMBER IDENTIFIER |
| control field |
GE_BSU |
| 008 - FIXED-LENGTH DATA ELEMENTS--GENERAL INFORMATION |
| fixed length control field |
181216s||||||||xx |||||||||||||| ||und|| |
| 040 ## - CATALOGING SOURCE |
| Transcribing agency |
GE_BSU |
| 080 ## - UNIVERSAL DECIMAL CLASSIFICATION NUMBER |
| Universal Decimal Classification number |
55.01+556 |
| 100 ## - MAIN ENTRY--PERSONAL NAME |
| Personal name |
Кононов,В.М. Крысенко,А.М. Швец,В.М. |
| 245 ## - TITLE STATEMENT |
| Title |
Основы геологии гидрогеологии и инженерной геологии. |
| 245 ## - TITLE STATEMENT |
| Remainder of title |
Учеб. пособие. |
| 245 ## - TITLE STATEMENT |
| Statement of responsibility, etc. |
Науч. ред. М.П.Толстой. |
| 260 ## - PUBLICATION, DISTRIBUTION, ETC. |
| Place of publication, distribution, etc. |
М. |
| 260 ## - PUBLICATION, DISTRIBUTION, ETC. |
| Name of publisher, distributor, etc. |
Высш.школа. |
| 260 ## - PUBLICATION, DISTRIBUTION, ETC. |
| Date of publication, distribution, etc. |
1978. |
| 300 ## - PHYSICAL DESCRIPTION |
| Extent |
187стр.с илл. 21см. |
| 653 ## - INDEX TERM--UNCONTROLLED |
| Uncontrolled term |
Основы геологии гидрогеологии и инженерной геологии. |
| 942 ## - ADDED ENTRY ELEMENTS (KOHA) |
| Koha item type |
წიგნი |